000 01946cam a22004694i 4500
003 PE-LiUPU
005 20250731173419.0
008 150706s r 000 0 d
020 _a9780825417955
035 _a(Sirsi) i9780825417955
040 _aPE-LiUPU
_bspa
_cPE-LiUPU
_erda
049 _aPRUA
082 0 4 _a234
_bC7
_221
245 0 1 _aCómo perseverar hasta el final :
_bclaves para mantener firme en la fe /
_ceditado por John Piper y Justin Taylor.
264 1 _aIllinois :
_bPortavoz,
_c2009.
300 _a153 páginas ;
_c22 cm.
336 _atext
_2rdacontent
337 _aunmediated
_2rdamedia
338 _avolume
_2rdacarrier
505 0 _aCuatro elementos esenciales para terminar bien -- Envejecer para gloria de Dios -- Certezas que conducen a un ministerio duradero -- Decisiones diarias acumulativas, valor ante una causa y una vida de perseverancia -- Una cosa -- Una entrevista con Randy Alcorn, Jerry Bridges, John Piper y Helen Roseveare -- Una entrevista con John Piper y John MaxArthur -- Desiring God: una nota sobre los recursos.
526 _aSEG42
526 _aSEG41
526 _aSEG40
526 _aSEG39
526 _aP94
526 _aP87
526 _aP86
526 _aP85
526 _aP77
526 _aP76
526 _aP35
541 _g001-0000580;
650 0 4 _aPerseverancia (Teología).
700 1 _aPiper, John,
_d1946- ,
_eed.
700 1 _aTaylor, Justin1976- ,
_eed.
910 _agl
_bjv
_clch
_d20120620
942 _2ddc
_cBOOK
949 _a234 C7
_wDEWEY
_c1
_i64897
_lCCODEBUL1
_mBUL
_p13.00
_r0
_sY
_tBOOK
_u2015-7-6
_xTEOLOGIA
_PP35
_o.STAFF. Colección General
994 _aC0
_bPEPRU
596 _a1
999 _a234 C7
_wDEWEY
_c53606
_i64897
_f2021-11-10
_g5
_lCCODEBUL1
_mBUL
_p13.00
_r0
_sY
_tBOOK
_u2015-7-6
_xTEOLOGIA
_PP35
_0COMPRA
_o.STAFF. Colección General
_d53606
980 _81
_gALBERTO SANCHEZ Responsable de Automatización